LEADER 00733nam0-22002651i-450 001 990002768360403321 005 20230324131728.0 035 $a000276836 035 $aFED01000276836 035 $a(Aleph)000276836FED01 035 $a000276836 100 $a20030910d1957----km-y0itay50------ba 101 0 $aeng 102 $aUS 200 1 $a<>introduction to automatic computers$fNed Chapin 210 $aPrinceton$cVan Nostrand Reinhold$d1957 215 $aVII, 525 p.$cill.$d25 cm 700 1$aChapin,$bNed$045699 801 0$aIT$bUNINA$gRICA$2UNIMARC 901 $aBK 912 $a990002768360403321 952 $a5-143$bT.B.$fECA 959 $aECA 996 $aIntroduction to automatic computers$93064591 997 $aUNINA